Entry Personal Name
Number of records used in: 1
001 - CONTROL NUMBER
003 - CONTROL NUMBER IDENTIFIER
005 - DATE AND TIME OF LATEST TRANSACTION
- control field:
20250414161141.0
008 - FIXED-LENGTH DATA ELEMENTS
- fixed length control field:
250414|| aca||aabn | a|a d
040 ## - CATALOGING SOURCE
- Original cataloging agency:
JRU
- Transcribing agency:
JRU
100 ## - HEADING--PERSONAL NAME
- Personal name:
HOUGH, ALEXANDRA
670 ## - SOURCE DATA FOUND
- Source citation:
Work cat.: (JRU)8765: HOUGH, ALEXANDRA , PHYSIOTHERAPY IN RESPIRATORY CARE : AN EVIDENCE BASED APPROACH TO RESPIRATORY , 2001